LEADER 01323nam a2200325 a 4500 001 000000122369 003 CaOOAMICUS 005 20100628101952.0 008 100628t2006 it b u000 u ita r 020 $a88-15-10962-5 040 $aPUL$bita$dReb 041 1 $aita$hger 082 04$a909 100 1 $aJánosi, Peter.$0(OLS)http://pul/name/76777 240 10$aPyramiden$lItaliano.$0(OLS)http://pul/title/154090 245 13$aLe piramidi /$cPeter Jánosi. 260 $aBologna :$bIl Mulino,$c©2006. 300 $a147 p. :$bc. geogr. ;$c21 cm. 490 1 $aUniversale paperbacks Il Mulino ;$v497 504 $aInclude riferimenti bibliografici ed indice. 651 4$aEgitto$xPiramidi$xStoria.$0(OLS)http://pul/subject/36234 651 4$aEgitto$xArte$xArcheologia.$0(OLS)http://pul/subject/36307 830 0$aUniversale paperbacks Il Mulino ;$v497.$0(OLS)http://pul/title/190 850 $aPUL 852 $aPUL$W1$xDP2 Filosofia 3$y112$m909 COLL 2.497$j140514$qDDC 21$B139639$CPULBib$Z2$F139639 $H114215 $82 941 1 $a9 996 $6020$a88-15-10962-5$9(OLS)http://pul/number/144728 996 $6082$a909$9(OLS)http://pul/classification/566 996 $6245$aLe piramidi$9(OLS)http://pul/title/154089 996 $6260$aBologna :$bIl Mulino$9(OLS)http://pul/publisher/47928 LEADER 01215nam a2200289 u 4500 001 000000060379 003 CaOOAMICUS 005 20070226120915.0 008 010720s1989 it af u000 u ita u 020 $a8816950625 035 $a10897983 040 $aPUL(R)$bita 100 1 $aNegri, Luigi,$csac.,$d1941-$0(OLS)http://pul/name/35418 245 12$aL'antropologia di Romano Guardini /$cLuigi Negri ; con un saggio sulla Bibliografia italiana su Romano Guardini di Roberta Lorenzetti. 260 $aMilano :$bJaca Book,$c1989. 300 $a114 p. ;$c23 cm 504 $aContiene bibliografia. 600 14$aGuardini, Romano,$csac.,$d1885-1968.$0(OLS)http://pul/subject/4936 650 4$aAntropologia.$0(OLS)http://pul/subject/1028 700 1 $aLorenzetti, Roberta.$0(OLS)http://pul/name/41341 850 $aPUL 852 $aPUL$W1$xSL Religione 1$y3$m56 L 29$j78690$nBK-PRI$b $qStampati$B78690$CPULBib$Z2$F78690 $H $81 941 1 $a8 961 $aINV: 65200 996 $6020$a8816950625$9(OLS)http://pul/number/77698 996 $6245$aL'antropologia di Romano Guardini$9(OLS)http://pul/title/80722 996 $6260$aMilano :$bJaca Book$9(OLS)http://pul/publisher/47900